000 00988nas a2200301 4500
001 BR2011005784
003 BR-BrBNA
005 20231205115131.0
007 ta
008 230509b bl.|||p| |||| 00| 00por d
040 _aBR-BrBNA
_bpor
_cBiblioteca Nacional de Agricultura
041 _a(Pt)
072 _aF70
100 1 _aProcópio, L.C.
100 1 _aSecco, R. de S.
245 1 _aA importância da identificação botânica nos inventários florestais: o exemplo do "tauari" (Couratari spp. e Cariniana spp. - Lecythidaceae)em duas áreas manejadas no estado do Pará
650 _aTAUARI
650 _aÁRVORE ANGIOSPERMA
650 _aINVENTÁRIO FLORESTAL
650 _aCOURATARI TAUARY
650 _aDENDROLOGIA
650 _aMADEIRA
650 _aANÁLISE FÍSICA
650 _aPARÁ
773 0 _tActa Amazônica (Brazil)
_xISSN 0044-5967
_g(Mar 2008), v. 38(1) p. 31-44
_wBR2011005784
909 _a202311
_bLúcia
_c55
_dLúcia Elande
942 _2AGRIS
_n0
_cANA
999 _c212237
_d212237